<?xml version="1.0" encoding="UTF-8"?>
<record
    xmlns:xsi="http://www.w3.org/2001/XMLSchema-instance"
    xsi:schemaLocation="http://www.loc.gov/MARC21/slim http://www.loc.gov/standards/marcxml/schema/MARC21slim.xsd"
    xmlns="http://www.loc.gov/MARC21/slim">

  <leader>04911nam a2200469Ia 4500</leader>
  <controlfield tag="001">dia_668</controlfield>
  <controlfield tag="003">CHAP</controlfield>
  <controlfield tag="005">20251028141218.0</controlfield>
  <controlfield tag="007">ta</controlfield>
  <controlfield tag="008">220117s1993    mx abdefrm    001 0 spa d</controlfield>
  <datafield tag="010" ind1=" " ind2=" ">
    <subfield code="a">171217</subfield>
  </datafield>
  <datafield tag="040" ind1=" " ind2=" ">
    <subfield code="c">CHAP</subfield>
    <subfield code="a">mxchpua</subfield>
    <subfield code="e">rda</subfield>
  </datafield>
  <datafield tag="041" ind1="0" ind2=" ">
    <subfield code="a">spa</subfield>
    <subfield code="b">spa</subfield>
  </datafield>
  <datafield tag="090" ind1=" " ind2=" ">
    <subfield code="a">Tesis</subfield>
    <subfield code="b">M65</subfield>
    <subfield code="c">1993</subfield>
  </datafield>
  <datafield tag="100" ind1="1" ind2=" ">
    <subfield code="a">Molina P&#xE9;rez, Mario C&#xE9;sar</subfield>
  </datafield>
  <datafield tag="245" ind1="1" ind2="0">
    <subfield code="a">Estudio de factibilidad t&#xE9;cnico-econ&#xF3;mica para el establecimiento de una planta extractadora y concentradora de gel de s&#xE1;bila (Aloe barbadensis Miller) en Maxcanu, Yucat&#xE1;n /</subfield>
    <subfield code="c">Mario C&#xE9;sar Molina P&#xE9;rez y Rafael Torres Cruz</subfield>
  </datafield>
  <datafield tag="264" ind1=" " ind2=" ">
    <subfield code="a">Chapingo, M&#xE9;xico :</subfield>
    <subfield code="b">El autor,</subfield>
    <subfield code="c">1993</subfield>
  </datafield>
  <datafield tag="300" ind1=" " ind2=" ">
    <subfield code="a">133 hojas :</subfield>
    <subfield code="b">ilustraciones, mapas, gr&#xE1;ficas, diagramas, tablas, planos</subfield>
  </datafield>
  <datafield tag="336" ind1=" " ind2=" ">
    <subfield code="2">rdacontent</subfield>
    <subfield code="a">texto</subfield>
    <subfield code="b">txt</subfield>
  </datafield>
  <datafield tag="337" ind1=" " ind2=" ">
    <subfield code="2">rdamedia</subfield>
    <subfield code="a">no mediado</subfield>
    <subfield code="b">n</subfield>
  </datafield>
  <datafield tag="338" ind1=" " ind2=" ">
    <subfield code="2">rdacarrier</subfield>
    <subfield code="a">volumen</subfield>
    <subfield code="b">nc</subfield>
  </datafield>
  <datafield tag="500" ind1=" " ind2=" ">
    <subfield code="a">Los planos est&#xE1;n incluidos en el reporte.</subfield>
  </datafield>
  <datafield tag="502" ind1=" " ind2=" ">
    <subfield code="a">Tesis </subfield>
    <subfield code="b">(Ingeniero Agroindustrial) --  </subfield>
    <subfield code="c">UACh. Departamento de Ingenier&#xED;a Agroindustrial, </subfield>
    <subfield code="d">1993</subfield>
  </datafield>
  <datafield tag="504" ind1=" " ind2=" ">
    <subfield code="a">Bibliograf&#xED;a: hojas 131-133</subfield>
  </datafield>
  <datafield tag="505" ind1="0" ind2=" ">
    <subfield code="a">2 planos: --
1. Plano de distribuci&#xF3;n de &#xE1;reas generales (Esc. 1:100) --
2. Plano de distribuci&#xF3;n de &#xE1;reas y equipos (Esc. 1:100)</subfield>
  </datafield>
  <datafield tag="520" ind1="3" ind2=" ">
    <subfield code="a">La situaci&#xF3;n productiva de Yucat&#xE1;n entr&#xF3; en crisis con la decadencia del cultivo del henequ&#xE9;n y las opciones de diversificaci&#xF3;n impulsadas por el gobierno estatal han incluido el cultivo de la s&#xE1;bila. Este programa no ha funcionado debidamente por la dependencia de un solo comprador de s&#xE1;bila en el estado, BIOTIMEX S.A. de C.V. que ha provocado el estancamiento del precio del producto desde hace tres a&#xF1;os y que la empresa imponga sus condiciones en cuanto a la comercializaci&#xF3;n. En la regi&#xF3;n de Maxcan&#xFA; existe un Comit&#xE9; Regional de Productores de S&#xE1;bila constituido por 33 grupos sociales (423 productores que cultivan 101.5 ha de s&#xE1;bila). Para los cuales se realiz&#xF3; un estudio de factibilidad t&#xE9;cnico-econ&#xF3;mica para el establecimiento de una planta extractora y concentradora de gel de s&#xE1;bila. El estudio aborda el problema de comercializaci&#xF3;n y destino de las hojas de s&#xE1;bila que se producen en la regi&#xF3;n de Maxcan&#xFA; y en general de las aproximadamente 410 hect&#xE1;reas de s&#xE1;bila existentes en el estado. El tama&#xF1;o de planta propuesto es de 10 toneladas de hoja por turno de ocho horas suficiente para captar el 100% de la producci&#xF3;n agr&#xED;cola de los socios. Se encontraron buenas ventas en los Estados Unidos y Europa, y suficiente disponibilidad de materia prima. El esquema de financiamiento para la instalaci&#xF3;n de la planta est&#xE1; basado en apoyos oficiales, del gobierno del estado a trav&#xE9;s de la Secretar&#xED;a de Desarrollo Rural que aporta N$ 810. v00 y del gobierno federal a trav&#xE9;s del Fondo Nacional de Empresas en solidaridad que aporta N$ 1'075,440. Adem&#xE1;s participa un fondo Regional de Solidaridad con N$ 700.000 y la banca privada con N$ 553,811. La inversi&#xF3;n total proyecto es de N$ 3,159.992 y la TIR del proyecto se ve favorecida por los bajos intereses y las obligaciones fiscales m&#xED;nimas a que est&#xE1; sujetas las organizaciones. La TIR del proyecto es de 422.4%. El esquema de financiamiento hace posible que los productores administren la empresa y que se apropien de ella en un lapso de dos a&#xF1;os. La participaci&#xF3;n de los productores en la inversi&#xF3;n es casi nula, pero son due&#xF1;os de fase de producci&#xF3;n agr&#xED;cola.  La realizaci&#xF3;n del proyecto depende de que las instituciones oficiales lo financien y de que la capacidad organizativa y administrativa de la organizaci&#xF3;n social sea suficiente para desarrollarlo. El proyecto tambi&#xE9;n puede ser desarrollado por la iniciativa privada. Se recomienda que se lleve a la pr&#xE1;ctica la instalaci&#xF3;n de la planta porque contribuye a aminorar varios problemas que se presentan en la zona: crear&#xED;a fuentes de empleo, tanto para los que laboren directamente en la industria como los productores que abastezcan con materia prima; como consecuencia de lo anterior ayudar&#xED;a a contrarrestar la migraci&#xF3;n; y de manera general, el proyecto contribuir&#xED;a como impulsor del desarrollo regional de la zona. </subfield>
  </datafield>
  <datafield tag="650" ind1="1" ind2="3">
    <subfield code="a">Aloe vera</subfield>
    <subfield code="x">Geles  </subfield>
    <subfield code="x">Extracci&#xF3;n</subfield>
    <subfield code="2">atg</subfield>
  </datafield>
  <datafield tag="650" ind1="1" ind2="3">
    <subfield code="a">Aloe vera</subfield>
    <subfield code="x">Geles  </subfield>
    <subfield code="x">Concentraci&#xF3;n</subfield>
    <subfield code="2">atg</subfield>
  </datafield>
  <datafield tag="650" ind1="1" ind2="3">
    <subfield code="a">Aloe vera</subfield>
    <subfield code="x">Industria y comercio</subfield>
    <subfield code="z">M&#xE9;xico</subfield>
    <subfield code="z">Yucat&#xE1;n  </subfield>
    <subfield code="2">atg</subfield>
  </datafield>
  <datafield tag="650" ind1="1" ind2="3">
    <subfield code="a">Aloe vera</subfield>
    <subfield code="x">Gels  </subfield>
    <subfield code="x">Extraction</subfield>
    <subfield code="2">atg</subfield>
  </datafield>
  <datafield tag="650" ind1="1" ind2="3">
    <subfield code="a">Aloe vera</subfield>
    <subfield code="x">Gels  </subfield>
    <subfield code="x">Concentrating</subfield>
    <subfield code="2">atg</subfield>
  </datafield>
  <datafield tag="650" ind1="1" ind2="3">
    <subfield code="a">Aloe vera</subfield>
    <subfield code="x">Industry and trade</subfield>
    <subfield code="z">Mexico</subfield>
    <subfield code="z">Yucat&#xE1;n</subfield>
    <subfield code="2">atg</subfield>
  </datafield>
  <datafield tag="700" ind1="1" ind2=" ">
    <subfield code="a">Torres Cruz, Rafael</subfield>
    <subfield code="e">autor</subfield>
  </datafield>
  <datafield tag="700" ind1="1" ind2=" ">
    <subfield code="a">Santoyo Cort&#xE9;s, Vinicio Horacio</subfield>
    <subfield code="e">director</subfield>
  </datafield>
  <datafield tag="700" ind1="1" ind2=" ">
    <subfield code="a">Rodr&#xED;guez Canto, Adolfo</subfield>
    <subfield code="e">asesor</subfield>
  </datafield>
  <datafield tag="700" ind1="1" ind2=" ">
    <subfield code="a">Garc&#xED;a Ch&#xE1;vez, Luis Ramiro</subfield>
    <subfield code="e">asesor</subfield>
  </datafield>
  <datafield tag="901" ind1=" " ind2=" ">
    <subfield code="a">TESIS M65 1993</subfield>
  </datafield>
  <datafield tag="902" ind1=" " ind2=" ">
    <subfield code="a">M</subfield>
  </datafield>
  <datafield tag="905" ind1=" " ind2=" ">
    <subfield code="a">0000001993                          mx A   0000000000spa00</subfield>
  </datafield>
  <datafield tag="942" ind1=" " ind2=" ">
    <subfield code="c">TESIS</subfield>
    <subfield code="2">Clasificaci&#xF3;n Universidad Aut&#xF3;noma Chapingo</subfield>
  </datafield>
  <datafield tag="999" ind1=" " ind2=" ">
    <subfield code="c">171217</subfield>
    <subfield code="d">171217</subfield>
  </datafield>
  <datafield tag="952" ind1=" " ind2=" ">
    <subfield code="0">0</subfield>
    <subfield code="1">0</subfield>
    <subfield code="2">local</subfield>
    <subfield code="4">0</subfield>
    <subfield code="7">0</subfield>
    <subfield code="8">TESIS</subfield>
    <subfield code="a">IA_</subfield>
    <subfield code="b">IA_</subfield>
    <subfield code="c">1</subfield>
    <subfield code="d">2022-01-18</subfield>
    <subfield code="f">2</subfield>
    <subfield code="l">2</subfield>
    <subfield code="p">dia_TESIS 463</subfield>
    <subfield code="q">2024-06-24</subfield>
    <subfield code="r">2023-10-20 00:00:00</subfield>
    <subfield code="s">2023-10-20</subfield>
    <subfield code="t">2</subfield>
    <subfield code="w">2022-01-18</subfield>
    <subfield code="y">TESIS</subfield>
    <subfield code="z">3</subfield>
  </datafield>
  <datafield tag="952" ind1=" " ind2=" ">
    <subfield code="0">0</subfield>
    <subfield code="1">0</subfield>
    <subfield code="2">local</subfield>
    <subfield code="4">0</subfield>
    <subfield code="5">1</subfield>
    <subfield code="7">0</subfield>
    <subfield code="8">TESIS</subfield>
    <subfield code="a">IA_</subfield>
    <subfield code="b">IA_</subfield>
    <subfield code="d">2025-10-07</subfield>
    <subfield code="e">El autor</subfield>
    <subfield code="l">0</subfield>
    <subfield code="o">Tesis M65 1993</subfield>
    <subfield code="p">1101016071</subfield>
    <subfield code="r">2026-02-02 00:00:00</subfield>
    <subfield code="t">Ej. 2</subfield>
    <subfield code="w">2025-10-07</subfield>
    <subfield code="y">TESIS</subfield>
  </datafield>
</record>
